000 00400nam a2200157Ia 4500
008 230917s9999||||xx |||||||||||||| ||und||
040 _e115433
_aMAIN
041 _aEnglish
082 _a510.2462 O2A
100 _aO' Neil Peter V
245 0 _aAdvanced engineering mathematics
250 _aInternational Stndui ed.
260 _aAnstralia
_bThompson
_c2007
300 _a1204p p.
942 _cBK
999 _c139076
_d139076